OBCs, Adivasis, and the Persian Cosmopolis in INDIA’S heartland (Record no. 533189)
[ view plain ]
| 000 -LEADER | |
|---|---|
| fixed length control field | 01238nam a22001337a 4500 |
| 008 - FIXED-LENGTH DATA ELEMENTS--GENERAL INFORMATION | |
| fixed length control field | 260429b ||||| |||| 00| 0 eng d |
| 100 ## - MAIN ENTRY--PERSONAL NAME | |
| Personal name | Daftary, Dolly |
| 245 ## - TITLE STATEMENT | |
| Title | OBCs, Adivasis, and the Persian Cosmopolis in INDIA’S heartland |
| 260 ## - PUBLICATION, DISTRIBUTION, ETC. (IMPRINT) | |
| Place of publication, distribution, etc | Economic & Political Weekly |
| 300 ## - PHYSICAL DESCRIPTION | |
| Extent | 61(12), Mar 21, 2026: p.38-44 |
| 520 ## - SUMMARY, ETC. | |
| Summary, etc | The project of majoritarian boundary-making is unsettled when we explore lives lived at the geographic, environmental, and economic margins of India. Islamicate nominative practices among cultivator caste Kolis (denoted Other Backward Classes) and Adivasis, shared spiritual belongings of Kolis, Dalits, and Muslims, and everyday linguistic practices related to governance and justice at the borderlands in Gujarat, illuminate the rich entanglement of semi-subsistence communities with what is called the Persian cosmopolis. Oppositional potentialities to exclusionary identities always remain co-present as traces, foreclosing the erasure of certain pasts and presents, and containing possibilities for the future. –Reproduced https://www.epw.in/journal/2026/12/special-articles/obcs-adivasis-and-persian-cosmopolis-indias.html |
| 773 ## - HOST ITEM ENTRY | |
| Main entry heading | Economic & Political Weekly |
| 942 ## - ADDED ENTRY ELEMENTS (KOHA) | |
| Item type | Articles |
| Withdrawn status | Lost status | Source of classification or shelving scheme | Damaged status | Not for loan | Permanent location | Current location | Date acquired | Serial Enumeration / chronology | Barcode | Date last seen | Koha item type |
|---|---|---|---|---|---|---|---|---|---|---|---|
| Indian Institute of Public Administration | Indian Institute of Public Administration | 2026-04-29 | 61(12), Mar 21, 2026: p.38-44 | AR138701 | 2026-04-29 | Articles |
